| 000 | 00724nam a2200265 a 4500 | ||
|---|---|---|---|
| 005 | 20210219153158.0 | ||
| 008 | 991125n 000 0 spa u | ||
| 035 | _aUPN01000082305 | ||
| 100 | 1 | _aEisner, Elliot W. | |
| 222 | _aREVISTA ESPAÑOLA DE PEDAGOGIA | ||
| 245 | _aLa incomprendida función de las artes en el desarrollo humano | ||
| 300 | _a15-34 | ||
| 362 | 0 | _a1992 Año 50, no. 191, ene.-abr. | |
| 653 | 0 | _aARTE | |
| 653 | 0 | _aDESARROLLO HUMANO | |
| 653 | 0 | _aEDUCACION ARTISTICA | |
| 653 | 0 | _aPERCEPCION | |
| 653 | 0 | _aPROCESO COGNOSCITIVO | |
| 700 | 1 | _aIbañez Martin, José Antonio, | |
| 700 | 1 | _etr. | |
| 700 | 1 | _aCuesta, Sonia, | |
| 700 | 1 | _etr. | |
| 904 |
_aAC _b020116 |
||
| 905 | _aArticulo | ||
| 999 |
_c70312 _d70312 |
||